000 00663nam a2200241 i 4500
001 C2-0325628
003 PPAK
005 20180728123633.0
008 140212s2012 njua|||| ||||| | eng d
020 _a9781118065167
040 _aPPAK
_beng
_cPPAK
_erda
082 0 4 _a658.872
_223
090 0 0 _a658.872
_bZIM
_dR
100 1 _aZimmerman, Jan,
_eauthor
245 1 0 _aWeb marketing for dummies
264 1 _aNew Jersey :
_bJohn Wiley & Sons ,
_c2012
300 _a412 pages :
_billustrations ;
_c24 cm
336 _2rdacontent
_atext
337 _2rdamedia
_aunmediated
338 _2rdacarrier
_avolume
650 1 0 _aInternet marketing
942 _ddc
_cB
999 _c125334
_d125334